Statistics for Isogram Breakdown Puzzle #2

Click here to take the quiz!

General Stats

  • This quiz has been taken 526 times
    (522 since last reset)
  • The average score is 13 of 24

Answer Stats

HintAnswer% Correct
Not dirtyClean
96%
BackboneSpine
91%
Outback canineDingo
88%
4:1, egRatio
83%
ScaldsBurns
80%
DromedaryCamel
75%
Buffalo kinBison
73%
Andean nationChile
71%
SentryGuard
67%
Tined silverwareForks
65%
Breakfast cerealCORNFLAKES
60%
Coaxing, convincingPERSUADING
53%
Rearrange these lettersUNSCRAMBLE
52%
Guitar ancestorsLutes
51%
80º W and 135º E, eg.LONGITUDES
47%
Errant dogStray
47%
KidnappingsABDUCTIONS
37%
Get, retrieveFetch
32%
Old gold coinDucat
29%
Hilariously funnyHYSTERICAL
24%
British peerBaron
23%
Sudden thrustLunge
19%
Rule, directive, lawREGULATION
18%
Directly facing the seaBEACHFRONT
14%

Score Distribution

Percentile by Number Answered

Percent of People with Each Score

Your Score History

You have not taken this quiz since the last reset